000 00903cam a2200253 a 4500
001 000005950
005 20200929151845.0
008 971103s1983 sp a 001 p spa
020 _a8400054873
040 _aDO-SdBNP
_cDLC
082 _a861.64
_bC165u
100 1 _aCalo, José María,
_d1946-
_916757
245 1 0 _aUjida del ángel /
_cJosé María Calo.
260 _aZaragoza, España :
_bInstitución "Fernando el Católico",
_c1983.
300 _a80 p. :
_bil. ;
_c25 cm.
490 1 _a"San Jorge"
_vvol. 34
490 1 _aPublicación. de la Institución "Fernando el Católico"
_vno. 947
586 _aPremio "San Jorge", 1983.
650 4 _aPoesía española
_9631
650 4 _aLiteratura española
_ySIGLO XX
_93326
830 0 _a"San Jorge" ;
_vvol. 34
_914363
830 0 _aPublicación. de la Institución "Fernando el Católico"
_vno. 947
_916758
910 _aCatalogación por copia / LC
999 _c5746
_d5746